| 000 | 00565nam a2200193Ia 4500 | ||
|---|---|---|---|
| 999 |
_c45353 _d45353 |
||
| 003 | GCL | ||
| 005 | 20240530104205.0 | ||
| 008 | 140319s9999 xx 000 0 ara d | ||
| 040 |
_aGCL / _cGCL |
||
| 082 | 0 | 4 |
_a001.54 _bا ل |
| 100 | 1 | _aابراهيم درديري | |
| 245 | 1 | 0 |
_aلغة الاعلام اليوم بين الالتزام والتفريط / _cابراهيم درديري |
| 300 | _a112 ص | ||
| 490 |
_a100 قصة _v0 |
||
| 650 | 0 | 4 | _aاللغة العربية |
| 650 | 0 | 4 | _aالاعلام |
| 650 | 0 | 4 | _aعلم الاسلوب |
| 942 |
_2ddc _cBK |
||